| 000 | 00447nam a2200181Ia 4500 | ||
|---|---|---|---|
| 001 | 12971 | ||
| 005 | 20260306163019.0 | ||
| 008 | 260306t1976||||xx |||||||||||||| ||spa|| | ||
| 041 | _aESP | ||
| 082 |
_aRD 498.332 _bQ35 |
||
| 100 |
_aQuesada Castillo, Félix _eAUT |
||
| 245 | 0 |
_aDiccionario quechua: _bCajamarca-Cañaris |
|
| 260 | _c1976 | ||
| 300 |
_a193 páginas : _c19 cm. |
||
| 650 | _aGEN | ||
| 654 | _aCHU | ||
| 942 |
_cDIC _dJUS _fJUS _2ddc _n |
||
| 999 |
_c12971 _d12971 |
||